Statistics for Name a Valid Element

Click here to take the quiz!

General Stats

  • This quiz has been taken 12,748 times
    (12,740 since last reset)
  • The average score is 12 of 18

Answer Stats

Category Elements % Correct
Makes up table saltSodium | Chlorine
97%
A noble gasHelium | Neon | Argon | Krypton | Xenon | Radon
94%
Its name has four lettersNeon | Iron | Gold | Lead | Zinc
90%
In the first row of the Periodic TableHydrogen | Helium
90%
Liquid at room temperatureBromine | Mercury
87%
Abbreviation shares no letters with elementSodium | Potassium | Silver | + 5 others
84%
Begins with FFluorine | Francium | Fermium | Flerovium
80%
Its abbreviation is a single vowelOxygen | Yttrium | Iodine | Uranium
77%
Named for a current planetUranium | Neptunium
75%
Component of glucoseHydrogen | Carbon | Oxygen
75%
Is magneticIron | Cobalt | Nickel
74%
Named after a U.S. StateCalifornium | Tennessine
71%
Is yellowSulfur | Chlorine | Gold
71%
Named after a womanCurium | Meitnerium
56%
Has an atomic number between 20 and 25Calcium | Scandium | Titanium | Vanadium |
Chromium | Manganese
42%
Named in 2016Nihonium | Moscovium | Tennessine | Oganesson
25%
Is named after a town in SwedenYttrium | Terbium | Holmium | Erbium | Ytterbium
21%
Named after another elementRadon | Molybdenum | Platinum | Protactinium
12%

Score Distribution

Percentile by Number Answered

Percent of People with Each Score

Your Score History

You have not taken this quiz since the last reset